1M Cities Starting with X - Statistics

General Stats
  • This quiz has been taken 199 times
  • The average score is 3 of 8
Answer Stats
City Country % Correct
Xi'an China
98%
Xiamen China
91%
Xuzhou China
40%
Xining China
20%
Xinxiang China
20%
Xiangyang China
11%
Xiangtan China
9%
Xingtai China
7%
No matching quizzes found
Score Distribution
Percent of People with Each Score
Percentile by Number Answered
Your Score History
You have not taken this quiz